Crecer a pesar de todo: un caso de resiliencia infantil (Record no. 187593)
[ view plain ]
| 000 -CABECERA | |
|---|---|
| campo de control de longitud fija | 01747nab a2200277 a 4500 |
| 005 - FECHA Y HORA DE LA ÚLTIMA TRANSACCIÓN | |
| campo de control | 20250324093900.0 |
| 008 - ELEMENTOS DE LONGITUD FIJA--INFORMACIÓN GENERAL | |
| campo de control de longitud fija | 991125c2016 ck fr p o 000 0 spa d |
| 035 ## - NÚMERO DE CONTROL DEL SISTEMA | |
| Número de control de sistema | UPN01000215493 |
| 040 ## - FUENTE DE LA CATALOGACIÓN | |
| Centro catalogador/agencia de origen | UPN |
| Lengua de catalogación | spa |
| Centro/agencia transcriptor | UPN |
| Normas de descripción | aacr2 |
| 049 ## - COLECCIÓN | |
| Colección | ART-E |
| 100 1# - ASIENTO PRINCIPAL--NOMBRE PERSONAL | |
| Nombre de persona | Pérez Echeverri, Santiago |
| Enlace | - sperezec@gmail.com |
| 245 10 - MENCIÓN DE TÍTULO | |
| Título | Crecer a pesar de todo: un caso de resiliencia infantil |
| 506 0# - NOTA DE RESTRICCIONES AL ACCESO | |
| Limitaciones de acceso | Acceso abierto |
| 520 3# - NOTA DE RESUMEN, ETC. | |
| Sumario, etc. | Este artículo proviene de una investigación basada en el estudio de caso de un niño de 10 años de edad, con el aporte de los relatos que surgieron en el acompañamiento psicológico al que asistía regularmente. El objetivo consistió en evidenciar factores de resiliencia en los relatos recolectados mediante entrevistas clínicas, haciendo claras capacidades de adaptación en el niño que obedecen a su proceso de desarrollo. Todo esto teniendo en cuenta experiencias de separación y ambivalencia afectiva a lo largo de diferentes momentos de su vida hasta la actualidad, que motivan la participación en el acompañamiento psicológico. El proyecto se llevó a cabo desde un enfoque de investigación cualitativa de tipo descriptiva y mediante el uso de técnicas como el estudio de caso y la entrevista. |
| 650 #4 - ASIENTO SECUNDARIO DE MATERIA - TERMINO TEMATICO | |
| Término de materia o nombre geográfico como elemento de entrada | Desarrollo infantil |
| 9 (RLIN) | 176 |
| 650 #4 - ASIENTO SECUNDARIO DE MATERIA - TERMINO TEMATICO | |
| Término de materia o nombre geográfico como elemento de entrada | Estudio de casos |
| 9 (RLIN) | 53642 |
| 650 #2 - ASIENTO SECUNDARIO DE MATERIA - TERMINO TEMATICO | |
| Término de materia o nombre geográfico como elemento de entrada | Resiliencia (Rasgo de la personalidad) |
| 9 (RLIN) | 6115 |
| 653 0# - TERMINO DE INDIZACION - NO CONTROLADO | |
| Término no controlado | Relato |
| 653 0# - TERMINO DE INDIZACION - NO CONTROLADO | |
| Término no controlado | Infancia |
| 773 ## - ENLACE AL DOCUMENTO FUENTE/ENTRADA DE REGISTRO ANFITRIÓN | |
| Parte(s) relacionada(s) | Vol. 15, no. 2 (2016), p. 239-252 |
| Título | Infancias imagenes |
| Número Internacional Normalizado para Publicaciones Seriadas | 1657-9089 |
| 856 4# - LOCALIZACIÓN Y ACCESO ELECTRÓNICOS | |
| Identificador Uniforme del Recurso | <a href="https://revistas.udistrital.edu.co/index.php/infancias/article/view/10454">https://revistas.udistrital.edu.co/index.php/infancias/article/view/10454</a> |
| 856 4# - LOCALIZACIÓN Y ACCESO ELECTRÓNICOS | |
| Identificador Uniforme del Recurso | <a href="https://doi.org/10.14483/udistrital.jour.infimg.2016.2.a05">https://doi.org/10.14483/udistrital.jour.infimg.2016.2.a05</a> |
| 902 ## - ELEMENTOS DE DATOS B LOCAL, LDB (RLIN) | |
| Creó | Gloria Jiménez/1124 |
| 905 ## - TIPO DE MATERIAL | |
| Tipo de material | Articulo |
| 942 ## - ELEMENTOS DE PUNTO DE ACCESO ADICIONAL (KOHA) | |
| Tipo de ítem Koha | Artículo Electrónico |
| Estado de retiro | Estado de pérdida | Estado dañado | No para préstamo | Código de colección | Localización permanente | Ubicación/localización actual | Ubicación en estantería | Fecha de adquisición | Total de préstamos | Fecha visto por última vez | Identificador Uniforme del Recurso | Precio válido a partir de | Tipo de ítem Koha |
|---|---|---|---|---|---|---|---|---|---|---|---|---|---|
| Acceso abierto | Bib. Gregorio Torres Quintero | Bib. Gregorio Torres Quintero | En línea | 19/11/2024 | 19/11/2024 | https://doi.org/10.14483/udistrital.jour.infimg.2016.2.a05 | 19/11/2024 | Artículo Electrónico |
